Famous Affairs - Statistics

General Stats
  • This quiz has been taken 16 times
  • The average score is 8 of 20
Answer Stats
Year Couple % Correct
Angelina Jolie
75%
2005 Brad Pitt
75%
1997 Bill Clinton
69%
1958 Elizabeth Taylor
69%
Monica Lewinsky
69%
1992 Prince Charles
63%
Camilla Parker-Bowles
44%
Eddie Fisher
44%
Ava Gardner
31%
1949 Frank Sinatra
31%
1944 Humphrey Bogart
31%
Ingrid Bergman
25%
Kristen Stewart
25%
Lauren Bacall
25%
1950 Roberto Rossellini
25%
Meg Ryan
19%
2012 Rupert Sanders
19%
2000 Russell Crowe
19%
Frida Kahlo
13%
1937 Leon Trotsky
13%
No matching quizzes found
Score Distribution
Percent of People with Each Score
Percentile by Number Answered
Your Score History
You have not taken this quiz